000 00281nam a2200109 4500
008 160623b xxu||||| |||| 00| 0 eng d
100 _9681
_a Clark, W.G
245 _aWilliam Shakespeare
260 _aN.Y
_b Nelson Doubleday . Com
300 _aWilliam Shakespeare
942 _2ddc
_cBK
999 _c550
_d550